MARC

LEADER 00000nam0a2200000 4500
001 107991
005 20231031115501.0
035 |a (RuTPU)RU\TPU\book\116583 
090 |a 107991 
100 |a 20070111d1976 m y0rusy50 ca 
101 0 |a rus 
102 |a RU 
105 |a a z 001zy 
200 1 |a Эффективность использования углей  |f И. П. Крапчин 
210 |a Москва  |c Недра  |d 1976 
215 |a 240 с.  |c ил. 
320 |a Библиогр.: с. 236-238. 
610 1 |a эффективность 
610 1 |a использование 
610 1 |a уголь 
610 1 |a комплексное использование 
610 1 |a экономическая эффективность 
610 1 |a топливо 
675 |a 662.66.003.13  |v 3 
700 1 |a Крапчин  |b И. П.  |g Иван Петрович 
801 1 |a RU  |b 63413507  |c 20070111  |g PSBO 
801 2 |a RU  |b 63413507  |c 20080226  |g PSBO 
942 |c BK